[Event "Wch Rapid"]
[Site "St Petersburg"]
[Date "2018.12.28"]
[Round "15"]
[White "Anand, Viswanathan"]
[Black "Fridman, Daniel"]
[Result "1/2-1/2"]
[WhiteElo "2773"]
[BlackElo "2633"]
[PlyCount "76"]
[EventDate "2018.12.26"]
[EventType "swiss (rapid)"]
[EventRounds "15"]
[EventCountry "RUS"]
[SourceTitle "CBM 187 Extra"]
[Source "ChessBase"]
[SourceDate "2018.11.04"]
[SourceVersion "1"]
[SourceVersionDate "2018.11.04"]
[SourceQuality "1"]

1. c4 e6 2. Nc3 d5 3. d4 Be7 4. cxd5 exd5 5. Bf4 Nf6 6. e3 Bf5 7. Nge2 O-O 8.
f3 c5 9. g4 Be6 10. Bg2 Nc6 11. O-O Rc8 12. Bg3 Na5 13. b3 cxd4 14. exd4 Nc6
15. h3 Nxd4 16. Nxd4 Rxc3 17. Qe1 Qc8 18. Be5 Rc5 19. Kh1 Re8 20. Qd2 Qd8 21.
Rfe1 Bd6 22. Rad1 Rc8 23. f4 Bxe5 24. fxe5 Ne4 25. Nxe6 fxe6 26. Bxe4 dxe4 27.
Rxe4 Qh4 28. Kg2 Rf8 29. Rd4 Rc7 30. Rd8 Rxd8 31. Qxd8+ Qxd8 32. Rxd8+ Kf7 33.
h4 Rc2+ 34. Kf3 Rxa2 35. Rd7+ Kf8 36. Rxb7 a5 37. Rb8+ Kf7 38. Rb7+ Kf8 1/2-1/2

[Event "Gashimov Memorial 6th"]
[Site "Shamkir"]
[Date "2019.03.31"]
[Round "1"]
[White "Anand, Viswanathan"]
[Black "Navara, David"]
[Result "1/2-1/2"]
[WhiteElo "2779"]
[BlackElo "2739"]
[Annotator "Navara,D"]
[PlyCount "82"]
[EventDate "2019.03.31"]
[EventType "tourn"]
[EventRounds "9"]
[EventCountry "AZE"]
[EventCategory "22"]
[SourceTitle "CBM 190"]
[Source "ChessBase"]
[SourceDate "2019.06.30"]
[SourceVersion "1"]
[SourceVersionDate "2019.06.30"]
[SourceQuality "1"]

{The Vugar Gashimov Memorial 2019 was the strongest tournament I have ever
played. Facing three world champions on three consecutive days is something
very unusual, at least for me. This game is far from perfect, but it is
nevertheless very interesting.} 1. e4 c5 2. Nf3 d6 3. d4 cxd4 4. Nxd4 Nf6 5.
Nc3 a6 6. Bd3 {This came as a surprise. I had believed this move to be fairly
innocuous, but perhaps the things are a bit more complicated.} g6 {Black also
has several other ways how to question White's last move,} ({including} 6... e5
) ({and} 6... Nc6 {.}) 7. f3 $1 {This move caught me unaware, as I had never
seen it before. I was no longer that happy about having played 6...g6, as I am
not such a big fan of the Sicilian Dragon. White's bishop is not ideally
placed on d3, but a7-a6 is not the most useful move either.} Bg7 (7... Nc6 8.
Be3 (8. Nxc6 bxc6 9. b3) 8... Bg7 {might transpose and leaving the bishop on
f8 is hardly better.}) (7... e5 8. Nde2) 8. Be3 Nc6 9. Qd2 Nxd4 $6 {I hoped to
develop counterplay on the queenside while not giving White targets on the
kingside, but this backfires. White's bishop stands on d4 quite well after the
exchange on d4.} ({The principled reaction was} 9... O-O 10. O-O-O d5 $1 {
I was afraid of my opponent's preparation and his lead in development. Black
seems to be doing well.} {I believe} 11. Nxc6 (11. h4 $5 Ne5 $5 $13 {looks
good for Black.}) (11. Kb1 $5) 11... bxc6 {to be the critical continuation.
White has a wide choice, but none of his options leads to a clear advantage.
On the other hand, it is certainly NOT a kind of position which I would like
to play without any preparation.} 12. Bh6 $5 (12. Bc4 e6 13. Bb3 $13) (12. e5
$5 Nd7 13. f4)) (9... Bd7 10. O-O-O {looks good for White, as a7-a6 is not
that useful.}) 10. Bxd4 Be6 11. g4 (11. O-O-O $5) 11... b5 $6 {This move
increases Black's difficulties.} ({My original idea was} 11... Qa5 $1 {. I
rejected it because of} 12. Qe3 $6 {, as I failed to notice that Bd4-b6 could
be countered with Bg7-h6!.} ({White also has other attractive options like} 12.
a3 $5 $14) ({or} 12. h4 Qb4 13. Ne2 $1 ({I saw a nice motif} 13. O-O-O $6 Qxd4
14. Bb5+ Nd7 $1 $11 {.}) 13... Qxd2+ 14. Kxd2 $14) 12... Rc8 (12... b5 $2 13.
Bb6 Qb4 14. O-O-O $1 {and there is no good remedy against 15.a3.}) ({In fact,} 
12... O-O $5 13. h4 Nd7 $14 {is also playable. Black's queen could then join
the defence if needed.}) (12... Qb4 $2 13. a3 $1 Qxb2 14. Na4 Nxg4 15. Bxb2
Nxe3 16. Bxg7 $18) 13. a3 O-O 14. Bb6 Bh6 $1 {(Komodo) This is the key. Black
liberates his queen and maintains reasonable chances after} 15. Qf2 Qe5 16. Bd4
Qa5 $13 {.}) 12. h4 Qa5 13. a3 h6 ({My original intention was} 13... Rb8 {, but
} 14. h5 $1 {looked threatening. Indeed, Black has big problems after} Nxh5 15.
b4 $1 ({I was considering something like} 15. gxh5 $2 Bxd4 16. Bxb5+ axb5 17.
Qxd4 {, which is just double-edged.}) 15... Qc7 16. Bf1 $3 {(Komodo)} Rc8 17.
Ne2 $1 {(This is why the bishop did not go to e2.)} Nf6 18. g5 Nh5 19. Rxh5 $1
gxh5 20. Bxg7 $16 {.}) ({The fact that an efficient computer suggests} 13...
O-O 14. h5 Rfc8 {is an indication that there is something wrong with Black's
position.}) 14. O-O-O Rb8 15. g5 $1 Nh5 16. Bxg7 Nxg7 17. gxh6 Nh5 18. Qg5 $1 {
I missed this move from afar. Now Black has no counterplay. Moreover, his king,
knight and e7-pawn are all poorly placed.} f6 $1 {Normal moves promised
nothing good. True, if I had spotted 20.Qg1! before my move, it would have
taken me more time.} 19. Qxg6+ Bf7 20. Qg1 $1 b4 {This is objectively wrong,
but} (20... Qb6 $1 $16 {was not an attractive option. Few people are playing
Sicilian Najdorf to end up a pawn down without any compensation.}) 21. axb4 $6
{This was a bit too safe.} ({I saw} 21. Qa7 $1 O-O 22. axb4 Qxb4 23. Kd2 $16 {
, but White has various improvements,} ({including} 23. Rhg1+ Kh8 24. Qxe7 $1
Qxb2+ 25. Kd2 Rbc8 26. Ne2 $1 Qb4+ 27. c3 Qb2+ 28. Ke1 {, when he is winning.
Such lines might appear simple on the monitor, but it is much more difficult
to make correct decisions at the board.})) 21... Qxb4 22. Kd2 Nf4 (22... Rxh6
23. Qe3 $16) 23. Qe3 Nxd3 ({The alternative} 23... e5 24. Ra1 $1 ({It is easy
to miss} 24. Bxa6 $6 d5 $1 25. exd5 Bg6 $1 $14 {with black counterplay.}) 24...
d5 25. exd5 Nxd5 26. Qe4 {is rather bad for Black.}) 24. Qxd3 $6 ({It was
stronger to play} 24. Kxd3 $1 {, the point being} Qc4+ $6 25. Kd2 Rxb2 $6 26.
Rb1 $1 Rxb1 27. Rxb1 $16 {.}) 24... Rxh6 {Suddenly Black has some compensation.
} 25. Qxa6 Kf8 $6 ({The strongest move was} 25... d5 $1 {, when Black pieces
suddenly become quite active.} {I rejected it in view of} 26. Qa4+ (26. exd5 $2
Bxd5 {might already be dangerous for White.}) 26... Qxa4 27. Nxa4 {, but} dxe4
(27... Bh5 $5) 28. fxe4 Rb4 29. Nc3 Rxb2 $14 {is only marginally worse for
Black, as White's pawns are rather weak.}) (25... Qd4+ $6 26. Qd3 Qxd3+ 27.
cxd3 Rxb2+ 28. Ke3 $16 {also leaves White a pawn up, but this time his
position looks quite compact.}) ({I rejected} 25... Qc5 $5 {on account of} 26.
b3 $6 ({The accurate move} 26. Ra1 $1 {maintains White's advantage.}) {,
missing} 26... Rg6 $1 $44 {.}) 26. Ra1 $1 ({My main idea consisted in} 26. Qd3
$6 d5 $1 27. exd5 Rh5 {with counterplay.}) 26... d5 (26... Rg6 $5) 27. Ra4 $1
Qc5 28. exd5 Rxb2 $6 ({It is hard to get enthusiastic about} 28... Bxd5 $1 29.
Nxd5 Qxd5+ 30. Qd3 ({The alternative} 30. Kc1 $5 Qxf3 31. Re1 {is also
favourable for White.}) 30... Qxd3+ 31. Kxd3 Rxb2 $14 {, but perhaps it is
sometimes better to be objective. Or should one rather remain optimistic and
hope for better days? Some questions are too difficult to give a universal
answer.}) 29. Qa7 $1 Qd6 (29... Rb6 30. Rb1 f5 $1 $16 {was another gloomy
option.}) 30. Qe3 ({It might have been more precise to play} 30. Kc1 $1 {.})
30... Rg6 $6 $138 ({Black could have got a surprisingly good compensation by
means of} 30... Rh5 $1 {. Black can meet both 31.Kc1 and 31.Ra8+ with 31...Rb8.
He regains one pawn and gets some compensation for the other one.} 31. Kc1 Rb8
$14) 31. Ra8+ $6 (31. Kc1 $1 {was the right way to maintain White's advantage.}
) 31... Kg7 $2 ({After the game I was surprised to learn that} 31... Rb8 $1 32.
Rxb8+ Qxb8 {is equal, for instance} 33. h5 Rg2+ 34. Kc1 Qb4 {with sufficient
counterplay. I was trying to develop an attack to get a compensation. The rook
swap looked counterintuitive in this respect.}) 32. Kc1 $1 Qb4 {The rook
sacrifice on c2 does not work yet, but 33...Rg2 has already become a serious
threat. Here I was left with 52 seconds for 8 moves without increment! Not
having played with the "traditional" time control for about a decade, I lost
the feel for time a bit. With an increment, even one minute is not that little,
but here... It also mattered that I got surprised early in the opening, soon
got into problems and had to choose between various inferious positions, which
is usually not easy.} 33. Ra4 $2 {"Natural" moves like 33.Qd2 or 33.Rh2 were
winning, while} (33. h5 $4 Rg2 34. h6+ Kh7 {would have turned the tables}) ({
and} 33. Ra2 $2 Rxa2 34. Nxa2 Qa5 $44 {would have blown White's advantage.})
33... Rb1+ $1 34. Nxb1 Qxa4 {I played the last two moves very quickly, unlike
the next one.} 35. Qxe7 {It would have been great to see this move in advance.}
Rg2 (35... Qf4+ 36. Nd2 Rg2 37. Rd1 Qd4 $14 {, threatening} 38. Z0 Rxd2 $1 39.
Rxd2 Qa1# {, was a serious alternative.}) 36. Qe4 Qa7 $1 {Threatening 37...
Rg1+ 38.Rxg1 Qxg1+ 39.Kb2 Qb6+ 40.Ka2 Qa5+! with a perpetual.} 37. Re1 $1 {
I spent almost all the remaining time on the following move, but still failed
to find a good reply.} Rg1 $2 {Here I was left with 6 seconds per 3 moves. I
saw White's strong reply, but had to play something.} (37... Qc5 $1 {gives
Black a surprisingly good compensation. It is not easy to make a good move for
White, now. Black should hold after} 38. h5 {(There is nothing better.)} Bxd5
39. Qe7+ Qxe7 40. Rxe7+ Kh6 $14 {with a likely draw. Still, it is not easy to
find a silent move like 37...Qc5! when being three pawns down.}) 38. Nc3 $1
Qa1+ 39. Kd2 Rg2+ {Three seconds!} 40. Re2 (40. Kd3 Qa6+ 41. Ke3 $1 {should
allegedly also be winning.} (41. Qc4 $4 Rd2+)) 40... Rg1 {One second! Passing
the time control was my first success in this game, but it could have remained
the last one. Objectively the position is winning for White, but he still
needs to demonstrate it. It should not be a problem for a player of Vishy
Anand's stature, but perhaps he had not been fully acclimatised or warmed up,
yet. He spent about 10 minutes on the next move, but sometimes it happens that
you miss something rather simple even after a long think. (Or am I speaking
only for myself?)} 41. Qe7 $2 {This move neutralizes the main threat (41...
Qc1+ 42.Kd3 Bg6) but it allows a little combination.} ({In post-mortem we
looked at} 41. h5 $6 {, but} Bxh5 42. Qe7+ Bf7 $16 {(threatening 43...Rd1+!)
is not completely clear.}) ({My engine pleads for} 41. Qc4 $1 {, showing lines
like} Bg6 42. Ke3 $5 Qc1+ 43. Kd4 Qf4+ 44. Kc5 Qc7+ 45. Kb4 Qb8+ 46. Qb5 Qf4+
47. Kb3 {, when White should prevail. I find this variation both pretty and
bizzare. Pretty bizzare, in fact.}) ({That said,} 41. Qb4 $1 {is much simpler
and also good enough for a win. White remains three (passed) pawns up and
Black's king is not safe, either.}) 41... Rd1+ $1 {I found this move almost
immediately after 41.Qe7 but still spent half a minute triple-checking (sic!)
the lines, as I could not believe my luck. White offered me a draw soon after
my move, as the perpetual was inevitable.} (41... Rd1+ $1 42. Nxd1 Qd4+ 43. Ke1
Qg1+ 44. Kd2 Qd4+ 45. Kc1 Qa1+ $11 {One chess enthusiast called this motif a
Christmas tree. There was indeed something wrong in my timing in this game,
which was played at the end of March! And not only in this one, as on the next
day I ended up with less than a minute after move 31! I would like to mention
that Vishy Anand showed quite an interesting idea in the opening, then he
outplayed me and was on the verge of winning. I was admittedly lucky in this
game, but tenacity and resourcefulness often pay off, even though mostly
against less prominent opponents.}) 1/2-1/2

[Event "Grenke Chess Classic 6th"]
[Site "Karlsruhe/Baden Baden"]
[Date "2019.04.21"]
[Round "2"]
[White "Anand, Viswanathan"]
[Black "Keymer, Vincent"]
[Result "1-0"]
[WhiteElo "2774"]
[BlackElo "2516"]
[Annotator "Krasenkow,M"]
[PlyCount "85"]
[EventDate "2019.04.20"]
[EventType "tourn"]
[EventRounds "9"]
[EventCountry "GER"]
[EventCategory "19"]
[SourceTitle "CBM 190"]
[Source "ChessBase"]
[SourceDate "2019.06.30"]
[SourceVersion "1"]
[SourceVersionDate "2019.06.30"]
[SourceQuality "1"]

{[%evp 0,85,28,28,46,46,80,80,53,66,61,37,82,33,20,13,5,0,14,14,28,14,21,28,45,
49,54,47,47,46,46,53,52,42,61,51,85,65,70,62,99,59,77,76,103,110,102,102,108,
121,113,109,121,50,79,122,88,95,95,81,114,96,92,125,127,90,108,104,101,100,115,
127,143,130,141,150,147,160,196,196,185,160,195,185,229,237,327,361]} 1. e4 c5
2. Nf3 d6 3. d4 cxd4 4. Nxd4 Nf6 5. Nc3 a6 6. Bd3 {A rare system, which has
recently gained popularity.} e5 7. Nde2 Be7 8. O-O O-O 9. Ng3 {The modern
continuation, instead of} (9. f4) 9... Be6 (9... b5 10. Bg5 b4 11. Bxf6 Bxf6
12. Nd5 a5 13. Bc4 Nd7 14. a3 $14 {1/2 (38) Delgado Ramirez,N (2624)-Leitao,N 
(2107) Belem 2017}) (9... Nc6 10. Bc4 Be6 11. Bb3 Rc8 12. f4 b5 13. Nd5 Nd4 14.
Be3 Nxb3 15. axb3 exf4 16. Nxf4 Qc7 17. c3 Qb7 18. Bd4 $14 {1-0 (41) Rowson,J 
(2490)-Tihonov,J (2415) Zagan 1997}) 10. Nd5 Bxd5 (10... Nbd7 11. c4 a5 12. h3
Nc5 13. Bc2 Nxd5 14. exd5 Bc8 15. f4 Bh4 16. Ne2 f5 17. Be3 b6 $13 {1/2 (60)
Aryan,C (2547)-Raja,H (2432) Budapest 2019}) 11. exd5 g6 12. c4 Nbd7 (12... Ne8
$6 13. Bh6 Ng7 14. b4 Nd7 15. Rc1 $14 a5 16. a3 axb4 17. axb4 Ra3 (17... f5 18.
c5 $1 dxc5 $140 19. d6 Bg5 20. Bxg5 Qxg5 21. bxc5 $16) 18. Ne4 $1 f5 19. Nc3 e4
20. Be2 Bg5 21. Bxg5 Qxg5 22. c5 $16 {1-0 (33) Nakamura,H (2785)-Vachier
Lagrave,M (2796) Stavanger 2017 CBM 179 [Yermolinsky,A]}) 13. Bh6 Re8 14. Rc1 (
14. b4 Bf8 (14... a5 15. a3 axb4 16. axb4 Rxa1 17. Qxa1 b5 $1 $132 {A.
Yermolinsky}) 15. Bg5 h6 16. Bd2 e4 17. Be2 Bg7 18. a3 a5 19. Rc1 axb4 20. axb4
h5 21. Qb3 b6 22. Rfd1 Ra7 23. Bf4 Qe7 24. Re1 Qf8 25. Bf1 Bh6 $13 {1/2 (46)
Najer,E (2683)-Wojtaszek,R (2738) Batumi 2018}) 14... Bf8 (14... a5 15. b3 Nc5
16. Bc2 Nfd7 17. f4 exf4 18. Bxf4 Bg5 19. Qf3 Bxf4 20. Qxf4 Ne5 $13 {1-0 (27)
Wang,Y (2337)-Zhao,S (2186) China 2018}) ({Here is the most recent game:} 14...
Nc5 15. Bb1 a5 16. b3 Rb8 17. f4 exf4 18. Bxf4 b5 19. Qf3 bxc4 20. Rxc4 Rb4 21.
Bd2 Rxc4 22. bxc4 Ncd7 23. Bc3 Qb6+ 24. Kh1 Rf8 25. Qf4 Bd8 {, and White
didn't find anything better than offer a draw after} 26. h3 {1/2 (26)
Nepomniachtchi,I (2773)-Wojtaszek,R (2724) Moscow 2019}) 15. Bg5 h6 16. Bd2 a5
17. b3 h5 18. Re1 Bg7 $14 {Black's position looks fine but, alas, his kingside
is weakened by ...h7-h5.} 19. h3 Qe7 20. Be3 Qf8 21. Qd2 h4 $6 {Driving
White's knight where it wants: to b5!} (21... Nc5 $5 22. Bb1 Reb8 {[%cal Yb7b5]
}) 22. Ne2 Nh5 23. Nc3 f5 24. Bg5 Nf4 (24... Nc5 25. Bf1 {[%cal Yc3b5]}) 25.
Bxf4 exf4 26. Re6 $6 (26. Nb5 $5 Rxe1+ 27. Rxe1 Be5 28. a3 $36 {[%cal Yb3b4]})
26... Ne5 $2 {[%mdl 16384]} ({Black had a sufficient defence here:} 26... Rxe6
27. dxe6 Nc5 $13) 27. Be2 Rxe6 28. dxe6 {Now this pawn can't be attacked and
decides the game, together with numerous weaknesses in Black's camp.} Re8 29.
Qd5 Qe7 30. Nb5 $1 Qxe6 31. Qxb7 Re7 32. Qb8+ Kh7 33. Qxd6 Qxd6 34. Nxd6 Bf8
35. Nb5 Nc6 36. Kf1 Re5 37. a3 Bc5 38. Bf3 Nd4 39. Nxd4 Bxd4 40. Rb1 Re6 41. b4
Rb6 42. Rd1 Bb2 43. c5 1-0

[Event "Bundesliga 1920"]
[Site "Germany"]
[Date "2020.02.23"]
[Round "8.1"]
[White "Fressinet, Laurent"]
[Black "Anand, Viswanathan"]
[Result "1/2-1/2"]
[WhiteElo "2633"]
[BlackElo "2757"]
[PlyCount "47"]
[EventDate "2019.11.23"]
[EventType "team-tourn"]
[EventRounds "15"]
[EventCountry "GER"]
[SourceTitle "CBM 195 Extra"]
[Source "ChessBase"]
[SourceDate "2020.05.31"]
[SourceVersion "1"]
[SourceVersionDate "2020.05.31"]
[SourceQuality "1"]
[WhiteTeam "Werder Bremen"]
[BlackTeam "Baden-Baden"]
[WhiteTeamCountry "GER"]
[BlackTeamCountry "GER"]

1. d4 Nf6 2. Nf3 d5 3. c4 e6 4. Nc3 Bb4 5. cxd5 exd5 6. Bg5 h6 7. Bh4 O-O 8. e3
Bf5 9. Be2 Nbd7 10. Qb3 Bxc3+ 11. Qxc3 g5 12. Bg3 Ne4 13. Qa5 c6 14. Qxd8 Rfxd8
15. Nd2 Nxg3 16. hxg3 Kg7 17. Rc1 a5 18. a4 Nb6 19. g4 Bg6 20. b3 Nc8 21. Nf1
Nd6 22. Ng3 Rac8 23. Kd2 Rc7 24. Rc5 1/2-1/2

[Event "Nations Cup Online Prelim"]
[Site "Chess.com INT"]
[Date "2020.05.07"]
[Round "5.1"]
[White "Anand, Viswanathan"]
[Black "Nepomniachtchi, Ian"]
[Result "1-0"]
[WhiteElo "2753"]
[BlackElo "2784"]
[Annotator "Edouard,R"]
[PlyCount "33"]
[EventDate "2020.05.05"]
[EventType "team-tourn"]
[EventRounds "10"]
[EventCountry "USA"]
[SourceTitle "CBM 196"]
[Source "ChessBase"]
[SourceDate "2020.06.30"]
[SourceVersion "1"]
[SourceVersionDate "2020.06.30"]
[SourceQuality "1"]
[WhiteTeam "India"]
[BlackTeam "Russia"]
[WhiteTeamCountry "IND"]
[BlackTeamCountry "RUS"]

{[%evp 0,33,29,12,27,-20,42,48,51,51,33,29,27,22,32,32,34,49,37,24,53,18,37,30,
23,27,3,23,35,24,13,-364,-315,-429,-183,758]} 1. d4 Nf6 2. c4 g6 3. Nc3 d5 4.
cxd5 Nxd5 5. Bd2 {This line is growing in fashion.} Bg7 6. e4 Nxc3 7. Bxc3 c5
8. d5 Bxc3+ 9. bxc3 Qd6 10. Qd2 O-O 11. f4 {All moves until here were the
recent tabya in the whole line. Obviously, White wants to push e5.} e6 {
The latest fashion.} ({I had played a fun game several years ago, but I'm
pretty sure new chess engines would disagree with my play:} 11... Nd7 12. e5
Qc7 13. h4 c4 14. h5 Nb6 15. Nf3 Bg4 16. hxg6 fxg6 17. Ng5 Rad8 18. d6 exd6 19.
Rxh7 Qc5 20. Rh6 dxe5 21. Rxg6+ Kh8 22. Nf7+ Kh7 23. Rh6+ $4 (23. f5 $8 Rxd2
24. Ng5+ Kh8 25. Rh6+ Kg7 26. Rg6+ $11) 23... Kg7 24. Nxd8 Rxd8 25. Rh4 Rxd2
26. Rxg4+ Kf8 27. Kxd2 Qf2+ 28. Be2 Nd5 29. Rh1 Qe3+ 30. Ke1 Qxc3+ 31. Kf2 Qe3+
32. Ke1 Nxf4 33. Rh8+ Kf7 34. Rxf4+ exf4 35. Rh7+ Kf6 36. Rxb7 c3 {0-1
Riazantsev,A (2714)-Edouard,R (2625) Belfort 2012}) 12. Nf3 $5 $146 (12. Bc4 b5
13. Bxb5 exd5 {was MVL's game against Giri at the Candidates tournament.} 14.
Bc4 (14. exd5 Nd7 {Gelfand,B (2777)-Dominguez,L (2754) NED 2014, ½-½ (36)
brought Black enough compensation.}) (14. Qxd5 $6 Qb6 $1 15. Qxa8 $2 Bb7 $19)
14... Bb7 15. Nf3 Nd7 (15... Rd8 {as played earlier by Nepomiachtchi was
better:} 16. Bxd5 Bxd5 17. Qxd5 Qxd5 18. exd5 Rxd5 $11 {½-½ (30) Tomashevsky,
E (2702)-Nepomniachtchi,I (2768) Satka 2018}) 16. O-O Nb6 17. Be2 d4 18. e5 Qd7
19. cxd4 Rad8 20. Rad1 Bxf3 21. Rxf3 Qxd4+ 22. Qxd4 Rxd4 23. Rxd4 cxd4 24. Rd3
$14 {½-½ (30) Giri,A (2763)-Vachier Lagrave,M (2767) Yekaterinburg 2020})
12... exd5 13. Bc4 Be6 {A very natural move, so that White cannot set a piece
on d5.} (13... Nd7 $5 14. Bxd5 Qa6 $5 {would be a reasonable alternative.} (
14... Nb6 $4 15. Bxf7+ $18)) ({So would be} 13... d4 $5 14. cxd4 cxd4 {
followed by ...Nc6, and Black should be close to equality.}) 14. O-O d4 $4 {
Natural, isn't it? But losing!} (14... Rd8 15. exd5 Bf5 (15... Bxd5 $2 16. Rfd1
Bxc4 17. Qxd6 Rxd6 18. Rxd6 $16) 16. Nh4 $1 {may be critical, but White seems
to be a bit better.}) 15. f5 {Game over!} Bxc4 (15... gxf5 16. Qg5+ Kh8 17.
Qf6+ Kg8 18. Ng5 $5 $18) 16. e5 {Black has no defence against f6 and Qh6.} Qd7
(16... Qd8 17. f6 Kh8 18. Qh6 Rg8 19. Ng5 $18) 17. f6 {What a shocking loss
for Nepo!} 1-0

[Event "Legends of Chess Prelim"]
[Site "chess24.com INT"]
[Date "2020.07.24"]
[Round "4.3"]
[White "Giri, Anish"]
[Black "Anand, Viswanathan"]
[Result "1/2-1/2"]
[WhiteElo "2764"]
[BlackElo "2753"]
[PlyCount "88"]
[EventDate "2020.07.21"]
[EventType "tourn (rapid)"]
[EventRounds "9"]
[EventCountry "GER"]
[EventCategory "20"]
[SourceTitle "CBM 197"]
[Source "ChessBase"]
[SourceDate "2020.07.27"]
[SourceVersion "1"]
[SourceVersionDate "2020.07.27"]
[SourceQuality "1"]

1. c4 e6 2. g3 Nf6 3. Bg2 d5 4. d4 Bb4+ 5. Nd2 O-O 6. Ngf3 b6 7. O-O Bb7 8. Ne5
c5 9. cxd5 Bxd5 10. Ndf3 cxd4 11. Nxd4 Bc5 12. Nb3 Bxg2 13. Qxd8 Rxd8 14. Kxg2
Nbd7 15. Nxd7 Nxd7 16. Rd1 Be7 17. Be3 Nf6 18. Rxd8+ Rxd8 19. Rc1 Nd5 20. Bd2
Kf8 21. f4 f5 22. Kf3 Kf7 23. Rc2 Nf6 24. Nc1 Rd7 25. Nd3 Bd6 26. Bb4 Rc7 27.
Rxc7+ Bxc7 28. Bc3 Nd7 29. a4 a6 30. e4 g6 31. Bd4 Bd6 32. Ke3 Ke8 33. b3 Kd8
34. Kf3 Kc7 35. g4 Kc6 36. gxf5 exf5 37. h3 Nf8 38. Be5 Ne6 39. Bxd6 Kxd6 40.
b4 Nd4+ 41. Ke3 Nc2+ 42. Kf3 Nd4+ 43. Ke3 Nc2+ 44. Kf3 Nd4+ 1/2-1/2